Bed of Lies Nicki Minaj Lyrics Quiz Stats

Quiz not verified by Sporcle

Challenge
Share
Tweet
Embed
Score 0/300 Timer 10:00
0 Plays Today
Hint Answer % Correct
you
98.8%
of
98.8%
you
98.8%
lie
98.8%
lie
98.8%
of
98.8%
you
98.8%
be
98.8%
you
98.8%
you
98.8%
you
98.8%
you
98.8%
of
98.8%
you
98.8%
lie
98.8%
lie
98.8%
of
98.8%
you
98.8%
you
98.8%
of
98.8%
you
98.8%
you
98.8%
you
98.8%
of
98.8%
you
98.8%
you
98.8%
you
98.8%
you
98.8%
you
98.8%
you
98.8%
you
98.8%
you
98.8%
you
98.8%
you
98.8%
be
98.8%
you
98.8%
Do
98.2%
do
98.2%
me
97.6%
your
97.6%
bed
97.6%
your
97.6%
bed
97.6%
your
97.6%
me
97.6%
me
97.6%
me
97.6%
your
97.6%
bed
97.6%
your
97.6%
bed
97.6%
me
97.6%
me
97.6%
your
97.6%
your
97.6%
me
97.6%
ever
97%
in
97%
lies
97%
in
97%
in
97%
ever
97%
in
97%
lies
97%
in
97%
in
97%
in
97%
in
97%
in
97%
in
97%
in
97%
lies
97%
think
96.4%
when
96.4%
think
96.4%
when
96.4%
when
96.4%
down
95.9%
down
95.9%
and
94.7%
and
94.7%
and
94.7%
and
94.7%
and
94.7%
and
94.7%
and
94.7%
and
94.7%
the
92.3%
the
92.3%
the
92.3%
the
92.3%
the
92.3%
the
92.3%
the
92.3%
eye
90.5%
on
89.9%
on
89.9%
to
89.3%
we
89.3%
we
89.3%
Hint Answer % Correct
caught
88.2%
every
88.2%
caught
88.2%
caught
88.2%
they
87%
they
87%
they
87%
that
86.4%
that
86.4%
that
86.4%
that
86.4%
that
86.4%
could
85.8%
make
85.2%
pretend
84.6%
believe
84.6%
believe
84.6%
pretend
84.6%
look
84%
had
84%
had
84%
eyes
83.4%
my
83.4%
my
83.4%
my
83.4%
eyes
83.4%
contact
82.2%
I
81.7%
I
81.7%
I
81.7%
i
81.7%
I
81.7%
I
81.7%
I
81.7%
I
81.7%
I
81.7%
I
81.7%
I
81.7%
I
81.7%
I
81.7%
I
81.7%
I
81.7%
I
81.7%
mine
81.1%
web
80.5%
never
80.5%
never
80.5%
better
79.9%
than
79.9%
but
79.9%
but
79.9%
but
79.9%
but
79.9%
was
79.3%
was
79.3%
was
79.3%
was
79.3%
was
79.3%
was
79.3%
was
79.3%
was
79.3%
was
79.3%
was
79.3%
knew
78.1%
how
78.1%
it
78.1%
it
78.1%
it
78.1%
it
78.1%
it
78.1%
it
78.1%
only
77.5%
got
77.5%
got
77.5%
got
77.5%
know
74.6%
off
72.2%
everything
71%
based
70.4%
made
69.8%
before
69.8%
before
69.8%
up
68%
up
68%
contacts
67.5%
weaved
65.7%
couldnt
65.7%
couldnt
65.7%
couldnt
65.7%
couldnt
65.7%
couldnt
65.7%
couldnt
65.7%
no
65.1%
no
65.1%
what
65.1%
what
65.1%
what
65.1%
dont
64.5%
with
63.3%
with
63.3%
Hint Answer % Correct
hit
63.3%
hit
63.3%
oh
62.7%
****
62.7%
over
62.7%
this
62.1%
say
62.1%
its
62.1%
gone
62.1%
say
62.1%
this
62.1%
song
62.1%
remain
60.9%
mil
60.9%
pills
60.9%
thrill
60.4%
poppin
60.4%
come
58.6%
for
58%
til
58%
all
58%
ask
58%
rush
57.4%
dawn
57.4%
fraud
56.8%
quarter
56.8%
hour
56.8%
there
56.8%
there
56.8%
bill
56.2%
public
56.2%
darkest
56.2%
a
55%
a
55%
a
55%
a
55%
imma
54.4%
along
54.4%
Imma
54.4%
boots
53.8%
killin
53.8%
something
53.8%
something
53.8%
way
53.3%
told
53.3%
us
53.3%
told
53.3%
****
52.7%
oceans
52.7%
will
52.1%
python
52.1%
buggin
50.3%
asked
50.3%
just
49.7%
just
49.7%
just
49.7%
just
49.7%
put
49.1%
said
49.1%
doing
49.1%
baby
48.5%
contemplating
48.5%
crib
47.9%
pay
47.9%
home
47.9%
alone
47.9%
cause
47.3%
overdosin
47.3%
more
47.3%
more
47.3%
aint
46.2%
toastin
45.6%
shouldve
45.6%
if
43.8%
if
43.8%
icon-stat
43.2%
from
42%
em
41.4%
coastin
41.4%
looked
40.8%
tears
40.2%
blank
38.5%
understand
38.5%
stare
37.9%
relate
37.9%
shared
37.9%
saw
37.3%
youd
36.7%
figured
36.1%
figured
36.1%
replace
36.1%
remember
35.5%
freed
34.9%
our
34.3%
roll
32.7%
man
32.5%
connection
32.5%
defend
32%
balenciagas
30.2%
straps
29%

You're not logged in!

Compare scores with friends on all Sporcle quizzes.
Join for Free
OR
Log In

You Might Also Like...

Show Comments

Extras

Top Quizzes Today


Score Distribution

Your Account Isn't Verified!

In order to create a playlist on Sporcle, you need to verify the email address you used during registration. Go to your Sporcle Settings to finish the process.

Report this User

Report this user for behavior that violates our Community Guidelines.

Details: